Торцовый коллектор электрической машины

Sonraí bibleagrafaíochta
Údar corparáideach: Томский политехнический институт (ТПИ)
Rannpháirtithe: Багров Г. Н. Георгий Николаевич, Бекишев Р. Ф. Рудольф Фридрихович, Качин С. И. Сергей Ильич, Константинов Г. Г. Геннадий Григорьевич, Лебедев С. И. Сергей Иванович
Achoimre:опубл. 15.08.82
Изобретение относится к электротехническим машинам, а именно к коллекторам электрических машин, выполненных из углеродных материалов. Торцовый коллектор электрической машины, включающий корпус с установленными на нем ламелями из углеродного волокнистого материала, отличающийся тем, что, с целью повышения надежности, увеличения срока службы электрической машины и уменьшения электрических потерь, указанные ламели выполнены в виде пакета из слоев углеродной ткани, образующих цилиндрические поверхности относительно оси вращения коллектора и электрически соединенных с токопроводом со стороны, противоположной контактной поверхности, а корпус выполнен в виде полого цилиндра, намотанного из изоляционной ткани.
Teanga:Rúisis
Foilsithe / Cruthaithe:
Ábhair:
Rochtain ar líne:http://www1.fips.ru/fips_servl/fips_servlet?DB=RUPAT&rn=514&DocNumber=951508&TypeFile=html
Formáid: MixedMaterials Leictreonach LEABHAR
KOHA link:https://koha.lib.tpu.ru/cgi-bin/koha/opac-detail.pl?biblionumber=637615

MARC

LEADER 00000nlm0a2200000 4500
001 637615
005 20231101133953.0
029 1 0 |a RU  |b 951508  |c А. с.  |d МПК H01 R 39/04 
035 |a (RuTPU)RU\TPU\network\1767 
035 |a RU\TPU\network\1765 
039 0 |a RU  |b 2985117  |c 19800926 
090 |a 637615 
100 |a 20141001j19820815k y0rusy50 ca 
101 0 |a rus 
102 |a RU 
105 |a a k 000zy 
135 |a drcn ---uucaa 
181 0 |a i  
182 0 |a b 
200 1 |a Торцовый коллектор электрической машины  |f Г. Н. Багров [и др.]  |g Томский политехнический институт (ТПИ) 
203 |a Текст  |c электронный 
300 |a опубл. 15.08.82 
330 |a Изобретение относится к электротехническим машинам, а именно к коллекторам электрических машин, выполненных из углеродных материалов. Торцовый коллектор электрической машины, включающий корпус с установленными на нем ламелями из углеродного волокнистого материала, отличающийся тем, что, с целью повышения надежности, увеличения срока службы электрической машины и уменьшения электрических потерь, указанные ламели выполнены в виде пакета из слоев углеродной ткани, образующих цилиндрические поверхности относительно оси вращения коллектора и электрически соединенных с токопроводом со стороны, противоположной контактной поверхности, а корпус выполнен в виде полого цилиндра, намотанного из изоляционной ткани. 
610 1 |a патенты 
610 1 |a труды учёных ТПУ 
610 1 |a электронный ресурс 
610 1 |a электрические машины 
610 1 |a электротехнические материалы 
610 1 |a углеродные материалы 
610 1 |a углеродные волокна 
610 1 |a коллекторные машины 
610 1 |a коллекторы 
701 1 |a Багров  |b Г. Н.  |g Георгий Николаевич 
701 1 |a Бекишев  |b Р. Ф.  |c специалист в области электротехники  |c профессор Томского политехнического университета, доктор технических наук  |f 1940-2010  |g Рудольф Фридрихович  |2 stltpush  |3 (RuTPU)RU\TPU\pers\19768 
701 1 |a Качин  |b С. И.  |c специалист в области электротехники  |c профессор Томского политехнического университета, доктор технических наук  |f 1954-  |g Сергей Ильич  |2 stltpush  |3 (RuTPU)RU\TPU\pers\26829 
701 1 |a Константинов  |b Г. Г.  |g Геннадий Григорьевич 
701 1 |a Лебедев  |b С. И.  |g Сергей Иванович 
712 0 2 |a Томский политехнический институт (ТПИ)  |c (1944-1991)  |2 stltpush  |3 (RuTPU)RU\TPU\col\1123 
801 1 |a RU  |b 63413507  |c 20120201 
801 2 |a RU  |b 63413507  |c 20160608  |g RCR 
856 4 |u http://www1.fips.ru/fips_servl/fips_servlet?DB=RUPAT&rn=514&DocNumber=951508&TypeFile=html 
942 |c CF